000 00356nam a2200121Ia 4500
008 190722s9999 xx 000 0 und d
020 _a978-81-265-5971-8
100 _aCooper, Reimann, Cronin, Noessel
245 0 _aAbout Face (The Essentials of Interaction Design)
260 _aNew Delhi
_bJohn Wiley & Sons.Inc. (India)
_c2016
300 _a690
942 _cBK
999 _c274
_d274